| 000 | 00719nam a22002417a 4500 | ||
|---|---|---|---|
| 005 | 20170124110159.0 | ||
| 010 | _aA-826173 | ||
| 020 |
_c15.00 _a8126000953 |
||
| 035 | _aA-826173 | ||
| 037 | _bCen Lib/Ret | ||
| 040 |
_aDPL _bEN |
||
| 082 |
_a181.45 _bLOK |
||
| 100 |
_aLokeswarananda, Swami _972975 |
||
| 245 |
_aRamakrishna paramahansa / _cby Swami Lokeswarananda |
||
| 246 | _b | ||
| 260 |
_bSahitya Academi _aNew Delhi _c1996 |
||
| 270 |
_bNew Delhi _arabindra bhavan, 35, ferozshah road _e110001 |
||
| 300 |
_ax, 96p. _c19cm(Hb) |
||
| 500 | _aIncludes bibliographical references | ||
| 650 |
_aPhilosophy _972976 |
||
| 650 |
_aBiographies _9618 |
||
| 942 |
_2ddc _cEN _h181.45 _mLOK |
||
| 999 |
_c132796 _d132796 |
||